000 00437nam a2200181Ia 4500
001 8069
005 20260306160542.0
008 260306t2013||||xx |||||||||||||| ||spa||
041 _aESP
082 _a370.1
_bG91
100 _aGimeno Sacristán, José,
_eAUT
245 0 _aEn busca del sentido de la educación
260 _c2013
300 _a270 páginas :
_c24 cm.
650 _aGEN
654 _aCED
942 _cLIB
_dJUS
_fJUS
_2ddc
_n
999 _c8069
_d8069